Enterprise management and organisational behaviour (Record no. 62701)
[ view plain ]
| 000 -LEADER | |
|---|---|
| fixed length control field | 00913nam a2200181 a 4500 |
| 008 - FIXED-LENGTH DATA ELEMENTS--GENERAL INFORMATION | |
| fixed length control field | 120416s1996 ||||||||||||||||| || u |
| 020 ## - INTERNATIONAL STANDARD BOOK NUMBER | |
| International Standard Book Number | 8171691498 |
| 050 ## - LIBRARY OF CONGRESS CALL NUMBER | |
| Classification number | HD 58.7 Ent |
| 100 ## - MAIN ENTRY--PERSONAL NAME | |
| Personal name | Dubey, V. K |
| 245 10 - TITLE STATEMENT | |
| Title | Enterprise management and organisational behaviour |
| Statement of responsibility, etc. | edited by V. K. Dubey |
| 260 ## - PUBLICATION, DISTRIBUTION, ETC. | |
| Place of publication, distribution, etc. | New Delhi |
| Name of publisher, distributor, etc. | Commonwealth Publishers |
| Date of publication, distribution, etc. | 1996 |
| 350 ## - | |
| -- | 0.00 |
| 650 #0 - SUBJECT ADDED ENTRY--TOPICAL TERM | |
| Topical term or geographic name entry element | MANAGEMENT |
| 650 ## - SUBJECT ADDED ENTRY--TOPICAL TERM | |
| Topical term or geographic name entry element | ORGANIZATIONAL BEHAVIOUR |
| 995 ## - | |
| -- | MAIN LIBRARY OPEN ACCESS |
| -- | 0.00 |
| -- | 733098 |
| -- | CBU-MAIN LIBRARY (Kitwe) |
| -- | 3 |
| -- | 55.00 |
| -- | HD 58.7 Ent |
| -- | 3 |
| -- | AVAILABLE |
| -- | 44822 |
| -- | Main Library Open Access Collection |
| 995 ## - | |
| -- | MAIN LIBRARY OPEN ACCESS |
| -- | 0.00 |
| -- | 733097 |
| -- | CBU-MAIN LIBRARY (Kitwe) |
| -- | 1 |
| -- | 55.00 |
| -- | HD 58.7 Ent |
| -- | 1 |
| -- | AVAILABLE |
| -- | 044820 |
| -- | Main Library Open Access Collection |
| 995 ## - | |
| -- | ANNEX COLLECTION (Main Library) |
| -- | 0.00 |
| -- | 733099 |
| -- | CBU-MAIN LIBRARY (Kitwe) |
| -- | 2 |
| -- | 55.00 |
| -- | HD 58.7 Ent |
| -- | 2 |
| -- | AVAILABLE |
| -- | 44819 |
| -- | Annex Low-Usage Collection |
| 999 ## - | |
| -- | 62701 |
| -- | 62701 |
| Withdrawn status | Lost status | Source of classification or shelving scheme | Damaged status | Not for loan | Permanent Location | Current Location | Shelving location | Date acquired | Total Checkouts | Full call number | Barcode | Date last seen | Price effective from | Koha item type |
|---|---|---|---|---|---|---|---|---|---|---|---|---|---|---|
| CBU-MAIN LIBRARY, KITWE. | CBU-MAIN LIBRARY, KITWE. | 12/16/2022 | HD 58.7 Ent | 44822 | 12/16/2022 | 12/16/2022 | MONOGRAPH | |||||||
| CBU-MAIN LIBRARY, KITWE. | CBU-MAIN LIBRARY, KITWE. | 12/16/2022 | HD 58.7 Ent | 044820 | 12/16/2022 | 12/16/2022 | MONOGRAPH | |||||||
| CBU-MAIN LIBRARY, KITWE. | CBU-MAIN LIBRARY, KITWE. | 12/16/2022 | HD 58.7 Ent | 44819 | 12/16/2022 | 12/16/2022 | MONOGRAPH |